| 000 | 00726nam a2200217 i 4500 | ||
|---|---|---|---|
| 001 | 188110 | ||
| 003 | SpMaBN | ||
| 005 | 20230906223121.0 | ||
| 008 | 180503q1956 sp |||| |bspa d | ||
| 080 | _a929 Primo de Rivera, Miguel | ||
| 100 | 1 |
_aGonzález-Ruano, César, _d1903-1965 _958936 |
|
| 245 | 1 | 3 |
_aEl general Primo de Rivera / _cCésar González-Ruano ; portada de Chaco. |
| 260 |
_aBarcelona : _bG.P., _c[1956?] |
||
| 300 |
_a95 p. ; _c11 cm. |
||
| 490 | 1 |
_aEnciclopedia pulga ; _v205 |
|
| 600 | 1 | 4 |
_aPrimo de Rivera, Miguel, _d1870-1930 _9154406 |
| 700 | 1 |
_aChacopino Fabre, Joaquín. _9150736 |
|
| 830 | 0 |
_aEnciclopedia pulga ; _v205 _9191296 |
|
| 852 |
_aES-MaACL _j2311-F-43 |
||
| 999 |
_c188110 _d188110 |
||